| 000 | 01151nam a2200265 a 4500 | ||
|---|---|---|---|
| 001 | 000024969 | ||
| 005 | 20200930023500.0 | ||
| 008 | 110208s2003 sp r 001 0 spa d | ||
| 020 | _a8484831876 | ||
| 040 |
_aDO-SdBNP _bspa _cBNPHU |
||
| 082 |
_axxxxx _bxxx |
||
| 100 | 1 |
_aGómez Miedes, Bernardino _951238 |
|
| 245 | 1 | 0 |
_aComentarios sobre la sal / _cBernardino Gómez Miedes ; introducción, edición, crítica, traducción anotada, índización Sandra Inés ramos Maldonado ; prólogo Antonio Malpica Cuello. |
| 260 |
_aMadrid : _bInstituto de Estudios Hvmanisticos, _c2003. |
||
| 300 |
_av. ; _c24 cm. |
||
| 490 | 1 |
_aTextos y estudios humanísticos _aTextos _n8 |
|
| 500 | _aIncluye índice | ||
| 500 | _aIncluye referencia biográfica del autor en la solapa de la cubierta. | ||
| 500 | _aLa biblioteca posee los v. 1-3 | ||
| 504 | _aIncluye referencias bibliográficas y notas al pie de las páginas. | ||
| 700 | 1 |
_aRamos Maldonado, Sandra Inés, _etr. _951239 |
|
| 700 | 1 |
_aMalpica Cuello, Antonio, _epról. _951240 |
|
| 710 | 2 |
_aInstituto de Estudios Humanísticos. _951235 |
|
| 830 | 0 |
_aTextos y estudios humanísticos. _pTextos _n8 _951241 |
|
| 999 |
_c24462 _d24462 |
||